000 00559nam a2200217 a 4500
999 _c10012
_d10012
001 10012
003 BD-JhCC
005 20180404114155.0
008 180404s1965 e a|||| || | 001 0 eng d
035 _a(BD-JhCC)10012
040 _aBD-JhCC
_dBD-JhCC
041 _aeng
082 _a517
_bPIA 1965
100 _aPiaggio, H. T. H.
245 _aDifferential Equations /
_cH. T. H. Piaggio,
260 _aLondon :
_bG. Bell and Sons, Ltd.
_c1965
300 _a256 p. :
_c23 cm.
650 _aDifferential Equations
942 _2ddc
_cBK